Balūcistān tareekh kay aiany mein / (Record no. 331627)

000 -LEADER
fixed length control field 00776cam a2200241 i 4500
001 - CONTROL NUMBER
control field 2786430
003 - CONTROL NUMBER IDENTIFIER
control field NUST
005 - DATE AND TIME OF LATEST TRANSACTION
control field 20171009154521.0
008 - FIXED-LENGTH DATA ELEMENTS--GENERAL INFORMATION
fixed length control field 810109s1979 pk b 000 0 urdo
010 ## - LIBRARY OF CONGRESS CONTROL NUMBER
LC control number 80930607
020 ## - INTERNATIONAL STANDARD BOOK NUMBER
Terms of availability Hbk
040 ## - CATALOGING SOURCE
Original cataloging agency DLC
Transcribing agency DLC
Modifying agency DLC
043 ## - GEOGRAPHIC AREA CODE
Geographic area code a-pk---
050 00 - LIBRARY OF CONGRESS CALL NUMBER
Classification number DS392.B28
Item number N37
082 ## - DEWEY DECIMAL CLASSIFICATION NUMBER
Classification number 954.912
Author Mark MAR
100 1# - MAIN ENTRY--PERSONAL NAME
Personal name Mari, Mir Khuda Bakhsh Bajarani,
9 (RLIN) 5316
245 10 - TITLE STATEMENT
Title Balūcistān tareekh kay aiany mein /
Statement of responsibility, etc. by Mir Khuda Bakhsh Bajarani Mari.
260 ## - PUBLICATION, DISTRIBUTION, ETC.
Place of publication, distribution, etc. Quetta :
Name of publisher, distributor, etc. Gosha adab,
Date of publication, distribution, etc. 1980.
300 ## - PHYSICAL DESCRIPTION
Extent 592 p. ;
Dimensions 23 cm.
500 ## - GENERAL NOTE
General note In Urdu.
651 #0 - SUBJECT ADDED ENTRY--GEOGRAPHIC NAME
Geographic name Balochistān (Pakistan)
General subdivision Politics and government.
9 (RLIN) 3937
880 ## - ALTERNATE GRAPHIC REPRESENTATION
Linkage 100-01\(3\r
Title میر خدا بخش بجارانی مری
880 ## - ALTERNATE GRAPHIC REPRESENTATION
Linkage 245-02\(3\r
Title بلوچستان:
b تاریخ کے آئینے میں
c میر خدا بخش بجارانی مری
880 ## - ALTERNATE GRAPHIC REPRESENTATION
Linkage 260-03\(3\r
Title کوئٹہ:
b گوشہ ادب،
c 1980
906 ## - LOCAL DATA ELEMENT F, LDF (RLIN)
a 7
b cbc
c orignew
d 4
e ncip
f 19
g y-gencatlg
942 ## - ADDED ENTRY ELEMENTS (KOHA)
Source of classification or shelving scheme
Koha item type Book
Holdings
Withdrawn status Lost status Source of classification or shelving scheme Damaged status Not for loan Permanent Location Current Location Shelving location Date acquired Full call number Barcode Date last seen Copy number Price effective from Koha item type
          Central Library (CL) Central Library (CL) Book Cart 10/09/2017 954.912 MAR CL541 10/09/2017 1 10/09/2017 Book
© 2023 Central Library, National University of Sciences and Technology. All Rights Reserved.